A journey / (Record no. 63302)
[ view plain ]
| 000 -LEADER | |
|---|---|
| fixed length control field | 01424nam a22002297a 4500 |
| 005 - DATE AND TIME OF LATEST TRANSACTION | |
| control field | 20120222115646.0 |
| 020 ## - INTERNATIONAL STANDARD BOOK NUMBER | |
| International Standard Book Number | 9780099525097 |
| Terms of availability | 499.00 |
| 082 ## - DEWEY DECIMAL CLASSIFICATION NUMBER | |
| Classification number | 921 |
| 100 ## - MAIN ENTRY--PERSONAL NAME | |
| Personal name | Blair,Tony |
| 245 ## - TITLE STATEMENT | |
| Title | A journey / |
| Statement of responsibility, etc | by Tony Blair |
| 260 ## - PUBLICATION, DISTRIBUTION, ETC. (IMPRINT) | |
| Place of publication, distribution, etc | London |
| Name of publisher, distributor, etc | Arrow Books |
| Date of publication, distribution, etc | 2011 |
| 270 ## - ADDRESS | |
| Address | The Random House Group,20 Vauxhall Bridge Road, |
| City | London |
| 300 ## - PHYSICAL DESCRIPTION | |
| Extent | l,718p |
| Dimensions | 20cm(pbk) |
| 500 ## - GENERAL NOTE | |
| General note | Includes index |
| 942 ## - ADDED ENTRY ELEMENTS (KOHA) | |
| Source of classification or shelving scheme | Dewey Decimal Classification |
| Item type | English Books |
| Call number suffix | BLA |
| Classification part | 921 |
| Withdrawn status | Lost status | Not for loan | Collection code | Home library | Current library | Date acquired | Source of acquisition | Cost, normal purchase price | Full call number | Barcode | Copy number | Cost, replacement price | Koha item type | Public note |
|---|---|---|---|---|---|---|---|---|---|---|---|---|---|---|
| Non-fiction | Central Library | Central Library | 23/02/2012 | K.K.Pub./1335/03.10.11/03/23.09.11/29.11.11 | 499.00 | 921 BLA | B-452874 | 1 | 499.00 | English Books | Legal Case Register No. 28 | |||
| Non-fiction | Janak Puri | Janak Puri | 23/02/2012 | K.K.Pub./1335/03.10.11/03/23.09.11/29.11.11 | 499.00 | 921 BLA | B-452876 | 1 | 499.00 | English Books | ||||
| Non-fiction | Karol Bagh | Karol Bagh | 23/02/2012 | K.K.Pub./1335/03.10.11/03/23.09.11/29.11.11 | 499.00 | 921 BLA | B-452878 | 1 | 499.00 | English Books | ||||
| Non-fiction | Patel Nagar | Patel Nagar | 23/02/2012 | K.K.Pub./1335/03.10.11/03/23.09.11/29.11.11 | 499.00 | 921 BLA | B-452875 | 1 | 499.00 | English Books | ||||
| Non-fiction | Sarojini Nagar | Sarojini Nagar | 23/02/2012 | K.K.Pub./1335/03.10.11/03/23.09.11/29.11.11 | 499.00 | 921 BLA | B-452877 | 1 | 499.00 | English Books | ||||
| Non-fiction | Shahdara Branch | Shahdara Branch | 23/02/2012 | K.K.Pub./1335/03.10.11/03/23.09.11/29.11.11 | 499.00 | 921 BLA | B-452879 | 1 | 499.00 | English Books |
